000 01198cam a22003018i 4500
001 17743393
003 ARRUPE
005 20140520170354.0
008 130517s2014 nju b 001 0 eng
010 _a 2013018208
020 _a9780691151724 (hardcover : alk. paper)
040 _aDLC
_beng
_cDLC
_erda
042 _apcc
043 _ae-fr---
050 0 0 _aDC147.8
_b.I87 2014
100 1 _aIsrael, Jonathan.
_910429
245 1 0 _aRevolutionary ideas :
_ban intellectual history of the French Revolution from the Rights of Man to Robespierre /
_cJonathan Israel.
260 _aPrinceton
_bPrinceton University Press
_c2014
300 _avii, 870p.
_c24cm.
504 _aIncludes bibliographical references and index.
650 0 _aRevolutionaries
_zFrance
_xHistory
_y18th century.
_910430
651 0 _aFrance
_xHistory
_yRevolution, 1789-1799
_xCauses.
_910431
651 0 _aFrance
_xHistory
_yRevolution, 1789-1799
_xHistoriography.
_910432
651 0 _aFrance
_xIntellectual life
_y18th century.
_910433
906 _a0
_bvip
_corignew
_d1
_eecip
_f20
_gy-gencatlg
942 _2lcc
_cMONOGRAPH
999 _c120559
_d120559